| 000 | 00505nam a2200181Ia 4500 | ||
|---|---|---|---|
| 003 | LK-CoDNM | ||
| 005 | 20240823102313.0 | ||
| 008 | 010623t1895 xxu||||| |||| 00| 1 eng d | ||
| 040 |
_aLK-CoDNM _dLK-CoDNM _eLK-CoDNM |
||
| 041 | _aeng | ||
| 080 |
_a7 _bL14 |
||
| 100 | _aPringle,Arthur T. | ||
| 245 | _aThe Diary Consultation Book of the Agent Governor Council of Fort St George 1684 | ||
| 260 |
_bGovernment Press _aMadras _c1895 |
||
| 300 | _bXXII, 205P. : 24 cm | ||
| 500 | _aFirst | ||
| 942 | _cBK | ||
| 999 |
_c84092 _d84092 |
||